• 首页
  • 本馆介绍
  • 公告通知
  • 最新文献
  • 馆藏检索
  • 电子资源
  • 读者导购
  • 参考咨询
  • 我的图书馆
  • 登录
  • 详细信息显示
  • 放入我的书架
  • 预约/预借图书
  • 作者相关作品
  • 分类相关作品
  • 丛书相关作品
  • 出版社相关作品

书目信息

  • 表格格式
  • 工作单格式
  • 卡片格式
题名:
黑格尔:之前和之后
    
 
作者: 罗克摩尔 , Rockmore 著 ;柯小刚 译
分册:  
出版信息: 北京   北京大学出版社  2005
页数: 20,315页
开本: 23cm
丛书名: 博雅同文馆
单 册:
中图分类: B516.35
科图分类:
主题词: 哲学思想
电子资源:
ISBN: 7-301-08652-0
000 01296oam2 2200325 450
001 012007198338
005 20070522165232.57
010    @a7-301-08652-0@dCNY27.00
100    @a20070515d2005 km y0chiy0120 ea
101 1  @achi@ceng
102    @aCN@b110000
105    @ay z 001yy
106    @ar
200 1  @a黑格尔:之前和之后@Ahei ge er:zhi qian he zhi hou@e黑格尔思想历史导论@f(美)汤姆·罗克摩尔著@F(mei)tang mu·luo ke mo er zhu@g柯小刚译@Gke xiao gang yi
210    @a北京@c北京大学出版社@d2005
215    @a20,315页@d23cm
225 2  @a博雅同文馆@i哲学
330    @a本书提供一条非常简单化的走进黑格尔的道路。黑格尔强调知识与历史之间的牢不可破的联系,黑格尔现在是、而且在未来很长一段时期内也许还将是我们这个时代的哲学的创作者。
461  0 @12001 @a博雅同文馆
510 1  @aHegle : before and after@zeng
517 1  @a黑格尔思想历史导论@Ahei ge er si xiang li shi dao lun
600  1 @a黑格尔@c(Hegel,Georg Wehelm Friedrich@f1770~1831)@x哲学思想@x思想评论
600  1 @a黑格尔@c(Hegel,Georg Wehelm Friedrich@f1770~1831)
606 0  @a哲学思想
690    @aB516.35@v4
701  1 @c(美)@a罗克摩尔@Aluo ke mo er@b汤姆@4著
701  1 @c(美)@aRockmore@bTom@4著
702  0 @a柯小刚@Ake xiao gang@f(1973~)@4译
801  0 @aCN@bRULIN@c20070522
905    @dB516.35@e125@s8
    
    黑格尔:之前和之后:黑格尔思想历史导论/(美)汤姆·罗克摩尔著/柯小刚译.-北京:北京大学出版社,2005
    20,315页;23cm.-(博雅同文馆.哲学)
    
    
    ISBN 7-301-08652-0:CNY27.00
    本书提供一条非常简单化的走进黑格尔的道路。黑格尔强调知识与历史之间的牢不可破的联系,黑格尔现在是、而且在未来很长一段时期内也许还将是我们这个时代的哲学的创作者。
●
相关链接 在E读中查询图书 在五车中查询图书 在当当中查询图书 在豆瓣中查询图书


正题名:黑格尔:之前和之后     索取号:B516.35/125         预约/预借

序号 登录号 条形码 馆藏地/架位号 状态 备注
1 0579517   205795175   第一样本阅览室/ [索取号:B516.35/125] 在馆    
2 0579518   205795184   第一借阅区/ [索取号:B516.35/125] 在馆    
3 0579519   205795193   第一借阅区/ [索取号:B516.35/125] 在馆    
4 0579520   205795200   第一借阅区/ [索取号:B516.35/125] 在馆    
5 0579521   205795219   第一借阅区/ [索取号:B516.35/125] 在馆    
6 0579522   205795228   教育系资料室/ [索取号:B516.35/125] 在馆    
7 0579523   205795237   教育系资料室/ [索取号:B516.35/125] 在馆    
8 0579524   205795246   教育系资料室/ [索取号:B516.35/125] 在馆    
唐山师范学院图书馆 欢迎您!
大连网信软件有限公司© 版权所有